| 000 | 00000nam 2200000zi 4500 |
| 001 | 9.925991 |
| 003 | CaOODSP |
| 005 | 20240112142018 |
| 006 | m o d f |
| 007 | cr ||||||||||| |
| 008 | 220809t20232022onc o f000 0 chi d |
| 020 | |a9780660499062 |
| 040 | |aCaOODSP|beng|erda|cCaOODSP |
| 043 | |an-cn--- |
| 086 | 1 |aH14-424/3-2023Chi2-PDF |
| 245 | 00|a[Canada Dental Benefit factsheet.] |
| 250 | |a[Simplified Chinese edition]. |
| 264 | 1|aOttawa, ON : |bGovernment of Canada = Gouvernement du Canada, |c[2023] |
| 264 | 4|c©2022 |
| 300 | |a1 online resource (1 page) |
| 336 | |atext|btxt|2rdacontent |
| 337 | |acomputer|bc|2rdamedia |
| 338 | |aonline resource|bcr|2rdacarrier |
| 500 | |aEnglish title provided by publisher. |
| 500 | |aIssued by: Health Canada. |
| 500 | |a"Factsheet." |
| 500 | |a"Pub.: 230274." |
| 546 | |aText in Simplified Chinese. |
| 650 | 0|aChildren|xDental care|zCanada|xFinance. |
| 650 | 0|aChildren|xDental care|xGovernment policy|zCanada. |
| 710 | 1 |aCanada. |bHealth Canada, |eissuing body. |
| 775 | 08|tCanada Dental Benefit factsheet.|w(CaOODSP)9.926000 |
| 856 | 40|qPDF|s591 KB|uhttps://publications.gc.ca/collections/collection_2024/sc-hc/H14-424-3-2023-2-chi.pdf |
| 856 | 4 |qHTML|sN/A|uhttps://www.canada.ca/en/services/health/healthy-living/dental-oral/canada-dental-benefit-multilingual-resources/fact-sheets/simplified-chinese.html |
| 986 | |a230274 |